Star Wars: Episode VI – Return of the Jedi - Statistics

General Stats
  • This quiz has been taken 1,150 times
  • The average score is 20 of 25
Answer Stats
Hint Answer % Correct
Crime lord who keeps Solo as a trophy Jabba the Hutt
99%
Side of the Force the Emperor wants Luke to turn to Dark Side
93%
Small furry creatures living on this moon Ewok
93%
Bounty hunter knocked by Solo into the mouth of this creature Boba Fett
92%
His most famous line "It's a {trap!}"
92%
Planet where his Palace is located Tatooine
92%
Forest moon above which the Imperal station orbits Endor
91%
Complete the quotes “I am a {Jedi}, like my father before me.”
91%
Pilot of the Millennium Falconduring the battle Lando Calrissian
91%
These creatures think C-3PO is some sort of... God
90%
Mon Calamari admiral Ackbar
87%
As a punishment, Leia must serve as a... Slave
87%
Approximate age at which Yoda dies 900
86%
Ability used by the Emperor to torture Luke Force lightning
84%
Leia enters the Palace disguised as a... Bounty hunter
83%
What rebel troops must shut down on this moon Deflector {shield} generator
76%
Imperial station under construction Death Star II
75%
After being captured, C-3PO works for the latter as... Interpreter
72%
Explosive weapon she threatens to use Thermal {detonator}
72%
Pet monster that Luke fights in a pit Rancor
71%
Name of the one who finds Leia in the forest Wicket
70%
Hungry sand creature in the Dune Sea Sarlacc
69%
Woman dressed in white whobriefs the Rebels on the plan Mon Mothma
62%
Complete the quotes “The Emperor is not as {forgiving} as I am.”
54%
His co-pilot Nien Nunb
41%
No matching quizzes found
Score Distribution
Percent of People with Each Score
Percentile by Number Answered
Your Score History
You have not taken this quiz